000 01675nam a2200373 c 4500
003 BLK
005 20241009104304.0
008 180408b bul|||||r ||||||| ||bul||
010 _aKNG00085794000
020 _a954-8615-71-1
_bиздат.: Световна библ.
040 _aBLK
041 _aBUL
_cBUL
080 _aТрета българска държава (от 1878)
_b94(497.2)"1878..."
_x
_z94(497.2)"1878..."
080 _aВоенна история - Военни походи, битки, героични подвизи. Вж и 93/99
_b355.48
_x(497.2)
_z355.48(497.2)
700 1 _aТренев, Александър Иванов
_eтекст
_9371928
700 1 _aВъчков, Александър Петров
_eил.
_9370607
139 _aТренев, Александър Иванов
_bТ 82
245 1 0 _aВеликите битки и борби на българите след Освобождението
_bИл. енциклопедия
_cтекст Александър Иванов Тренев; ил. Александър Петров Въчков.
257 _aBGR
260 София
_bСветовна библ.
_c2007
300 _a80 с.
_bс цв. ил.
_c28 см
380 _aDN
650 4 _aБългария - военна история
_9241785
650 4 _aВоенно дело - история
_9288153
651 4 _aБългария
_9241624
653 _aистория
653 _aвоенно дело
852 _aЦб ІІ 15340
856 4 _qpdf
_u
856 4 _qpdf
_u
942 _cKNG
_n0
_05
944 _aCR
_c25.09.2008
_k30551
_lБояна Костадинова
944 _aED
_c30.09.2008
_k
999 _c81292
_d81292